| 000 | 00817nam a2200241 a 4500 | ||
|---|---|---|---|
| 001 | 2641 | ||
| 003 | BD-RjUL | ||
| 005 | 20211208233608.0 | ||
| 008 | 150616s1965 bg 000 0 ben | ||
| 035 | _a(BD-RjUL)2668 | ||
| 040 |
_aDLC _cCarP _dBD-RjUL _beng |
||
| 041 | _aben | ||
| 082 |
_a891.443 _bKAS 1965 |
||
| 100 |
_aকায়সার, শহীদুল্লা _9116897 |
||
| 245 |
_aসংশপ্তক / _cশহীদুল্লা কায়সার |
||
| 250 | _a১ম সং. | ||
| 260 |
_aঢাকা : _bপূর্ববাণী, _c১৯৬৫ |
||
| 300 |
_a৫৩৫ পৃ. ; _c২২ সেমি. |
||
| 650 |
_aবাংলা সাহিত্য _9116898 _vউপন্যাস |
||
| 650 |
_aBengali literature _9116899 _vFiction |
||
| 942 |
_2ddc _cBK _04 |
||
| 999 |
_c2641 _d2641 |
||